Lanean...

Kashi sesha sastri and his descendants /

Xehetasun bibliografikoak
Egile nagusia: Lakshminarasimhaiya, N.
Hizkuntza:Undetermined
Argitaratua: 1970
LEADER 00393nam a2200121Ia 4500
001 91854
008 170722s9999 xx 000 0 und d
100 |a Lakshminarasimhaiya, N. 
245 |a Kashi sesha sastri and his descendants / 
260 |c 1970 
942 |c GEN 
999 |c 6228  |d 6228 
952 |0 0  |1 0  |4 0  |6 V_213WL92_L0_GB  |7 0  |8 CR  |9 7125  |a LIB  |b LIB  |d 2017-08-12  |o V213wL92 L0 (GB)  |p 141950  |r 2017-08-12  |w 2017-08-12  |y GEN